Open Data Biblioteca Nacional de Portugal


República Portuguesa: Ministério da Cultura
Biblioteca Nacional de Portugal

Catálogo da BNP: acesso por Identificadores Unívocos
Registos Bibliográficos associados ao registo de autoridade

Etiqueta de registo: 00254nam 2200025 450
001 2283692
003 http://id.bnportugal.gov.pt/bib/catbnp/2283692
021 ## $aPT$b558658/26
100 ## $a20260406d2026 m y0pory01030103ba
101 0# $apor
102 ## $aPT
105 ## $aa z 000yy
106 ## $ar
200 1# $aNovos argumentos$eguiões para cinema curto.$hVol. 6$ftextos Beatriz Catarino... [et al.]$gil. Rosário Pinheiro
205 ## $a1ª ed
210 #9 $a[S.l.]$cShort-Age,$d2026
215 ## $a157 p.$cil.$d28 cm
701 #1 $aCatarino,$bBeatriz$4070$31994759
702 #1 $aPinheiro,$bRosário,$f1988-$4440$31630965
801 #0 $aPT$bBN$gRPC
966 ## $lBN$mFGMON$x1
971 ## $cabrito$d20260406

OpendataBNP@bnportugal.pt | Mais informação sobre acesso aos dados BNP